=LDR 00000nam 2200000 4500 =001 INLIS000000000036127 =005 20150926135955.0 =006 =007 =008 Ind =035 ##$$0010-061300000036127 =041 ##$$a Ind =082 ##$$a F Rom K =090 ##$$a F Rom K, Mar t =100 ##$$a Marsoli, Lisa =245 ##$$a Tinker bell and the host freasme = Tinker Bell dan harta karun yang hilang, oleh Lisa Marsoli ; alih bahasa, Rosi L Simamora =260 ##$$a 21 cm $b Jakarta =300 ##$$a 64 hlm, ilus, 21 cm =650 ##$$a Fiksi kanak-kanak =700 ##$$a L. Simamora, Ros =850 ##$$a NBPNMAT =990 ##$$a 0001/BPAP-NTB/2015